Joueurs de football par images - P - Statistiques

Statistiques générales
  • Ce quiz a été pris 1 749 fois
  • Le résultat moyen est 16 sur 20
Statistiques - réponses
Par images Réponse % Correct
Paul Pogba
99%
Pelé
99%
Benjamin Pavard
98%
Pepe
97%
Gerard Piqué
94%
Carles Puyol
93%
Pedri
92%
Andrea Pirlo
89%
Lucas Paquetá
88%
Emmanuel Petit
87%
Michel Platini
87%
Ivan Perišić
82%
Jean-Pierre Papin
82%
Javier Pastore
77%
Miralem Pjanić
76%
Ferenc Puskás
69%
Ji-Sung Park
67%
Lukas Podolski
58%
Pauleta
58%
Paulinho
58%
Aucun quiz correspondant
Distribution des résultats
% des personnes avec chaque résultat
Percentile par nombre de réponses
Votre historique - résultats
Vous n’avez pas pris ce quiz